| 000 | 00393nam a2200157Ia 4500 | ||
|---|---|---|---|
| 008 | 230312s9999||||xx |||||||||||||| ||und|| | ||
| 020 | _a0-13-197094-6 | ||
| 082 |
_a781.17 _bFOS-M |
||
| 100 | _aFoster;Jack.Stroud | ||
| 245 | 0 | _aMitchell's Structure and Fabric-1 | |
| 260 |
_bPearsons _aLondon _c2007 |
||
| 300 | _a235 | ||
| 546 | _aEng. | ||
| 650 |
_aArchitecture _vArchitecture |
||
| 942 | _cBK | ||
| 999 |
_c9407 _d9407 |
||